<?xml version="1.0" encoding="UTF-8"?>
<record
    xmlns:xsi="http://www.w3.org/2001/XMLSchema-instance"
    xsi:schemaLocation="http://www.loc.gov/MARC21/slim http://www.loc.gov/standards/marcxml/schema/MARC21slim.xsd"
    xmlns="http://www.loc.gov/MARC21/slim">

  <leader>01039nam a2200265 n 4500</leader>
  <controlfield tag="003">OSt</controlfield>
  <controlfield tag="005">20211228161243.0</controlfield>
  <controlfield tag="008">211228s2020    ii    |j      000 1 tam d</controlfield>
  <datafield tag="020" ind1=" " ind2=" ">
    <subfield code="c">RM19.60</subfield>
    <subfield code="q">paperback</subfield>
  </datafield>
  <datafield tag="040" ind1=" " ind2=" ">
    <subfield code="a">PPAK</subfield>
    <subfield code="b">eng</subfield>
    <subfield code="c">PPAK</subfield>
    <subfield code="e">rda</subfield>
  </datafield>
  <datafield tag="082" ind1="0" ind2="4">
    <subfield code="2">23</subfield>
    <subfield code="a">894.8113</subfield>
  </datafield>
  <datafield tag="090" ind1="0" ind2="0">
    <subfield code="a">894.8113</subfield>
    <subfield code="b">CAN</subfield>
    <subfield code="d">K</subfield>
  </datafield>
  <datafield tag="100" ind1="1" ind2=" ">
    <subfield code="a">Ca&#x1E45;kara&#x1E49;, T.V.,</subfield>
    <subfield code="d">1949-</subfield>
    <subfield code="e">author.</subfield>
  </datafield>
  <datafield tag="242" ind1=" " ind2=" ">
    <subfield code="a">Ayah! kaulah pembimbing saya (Novel pendek)</subfield>
    <subfield code="y">may</subfield>
  </datafield>
  <datafield tag="245" ind1="1" ind2="0">
    <subfield code="6">880-02</subfield>
    <subfield code="a">Pp&#x101;! N&#x12B;&#x1E45;ka&#x1E37;&#x113; e&#x1E49; va&#x1E3B;ik&#x101;&#x1E6D;&#x1E6D;i (ku&#x1E5F;u n&#x101;valka&#x1E37;) /</subfield>
    <subfield code="c">T.V.Ca&#x1E45;kara&#x1E49;</subfield>
  </datafield>
  <datafield tag="264" ind1=" " ind2="1">
    <subfield code="a">Chennai, India :</subfield>
    <subfield code="b">Manimegalai Prasuram,</subfield>
    <subfield code="c">2020</subfield>
  </datafield>
  <datafield tag="300" ind1=" " ind2=" ">
    <subfield code="a">vi, 100 pages ;</subfield>
    <subfield code="c">18 cm.</subfield>
  </datafield>
  <datafield tag="336" ind1=" " ind2=" ">
    <subfield code="2">rdacontent</subfield>
    <subfield code="a">text</subfield>
  </datafield>
  <datafield tag="337" ind1=" " ind2=" ">
    <subfield code="2">rdamedia</subfield>
    <subfield code="a">unmediated</subfield>
  </datafield>
  <datafield tag="338" ind1=" " ind2=" ">
    <subfield code="2">rdacarrier</subfield>
    <subfield code="a">volume</subfield>
  </datafield>
  <datafield tag="650" ind1="1" ind2="0">
    <subfield code="a">Children's stories, Tamil</subfield>
  </datafield>
  <datafield tag="880" ind1="1" ind2=" ">
    <subfield code="6">100-01</subfield>
    <subfield code="a">&#xB9A;&#xB99;&#xBCD;&#xB95;&#xBB0;&#xBA9;&#xBCD;, T.V.,</subfield>
    <subfield code="e">&#xBA8;&#xBC2;&#xBB2;&#xBBE;&#xB9A;&#xBBF;&#xBB0;&#xBBF;&#xBAF;&#xBB0;&#xBCD;.</subfield>
  </datafield>
  <datafield tag="880" ind1="1" ind2="0">
    <subfield code="6">245-02</subfield>
    <subfield code="a">&#xBAA;&#xBCD;&#xBAA;&#xBBE;! &#xBA8;&#xBC0;&#xB99;&#xBCD;&#xB95;&#xBB3;&#xBC7; &#xB8E;&#xBA9;&#xBCD; &#xBB5;&#xBB4;&#xBBF;&#xB95;&#xBBE;&#xB9F;&#xBCD;&#xB9F;&#xBBF; (&#xB95;&#xBC1;&#xBB1;&#xBC1; &#xBA8;&#xBBE;&#xBB5;&#xBB2;&#xBCD;&#xB95;&#xBB3;&#xBCD;)</subfield>
    <subfield code="c">T.V.&#xB9A;&#xB99;&#xBCD;&#xB95;&#xBB0;&#xBA9;&#xBCD;</subfield>
  </datafield>
  <datafield tag="942" ind1=" " ind2=" ">
    <subfield code="2">ddc</subfield>
    <subfield code="c">B</subfield>
  </datafield>
  <datafield tag="999" ind1=" " ind2=" ">
    <subfield code="c">186715</subfield>
    <subfield code="d">186715</subfield>
  </datafield>
  <datafield tag="952" ind1=" " ind2=" ">
    <subfield code="0">0</subfield>
    <subfield code="7">0</subfield>
    <subfield code="b">PPAK</subfield>
    <subfield code="c">K</subfield>
    <subfield code="d">2022-02-08</subfield>
    <subfield code="l">1</subfield>
    <subfield code="o">K 894.8113 CAN</subfield>
    <subfield code="p">A01720915</subfield>
    <subfield code="r">2022-09-06 00:00:00</subfield>
    <subfield code="s">2022-08-29</subfield>
    <subfield code="y">B</subfield>
  </datafield>
  <datafield tag="952" ind1=" " ind2=" ">
    <subfield code="0">0</subfield>
    <subfield code="7">0</subfield>
    <subfield code="b">SP</subfield>
    <subfield code="c">K</subfield>
    <subfield code="d">2022-02-08</subfield>
    <subfield code="o">K 894.8113 CAN</subfield>
    <subfield code="p">A01720916</subfield>
    <subfield code="r">2022-02-08 00:00:00</subfield>
    <subfield code="y">B</subfield>
  </datafield>
</record>
